000 00304 a2200133 4500
001 155735
040 _cEscola São Tomás de Aquino
100 _aSOUZA, Maurício
240 1 0 _aVitória-Régia
_lpor
245 1 0 _aVitória-Régia
440 1 _aGirassol
697 _a*LITERATURA INFANTIL
942 _cBK
999 _c155735
_d155735